000 00432nam a2200181Ia 4500
001 17335
005 20260306171510.0
008 260306s9999||||xx |||||||||||||| ||und||
041 _aESP
082 _a657.7
_bJ72
100 _aJones, Kumen H
_eAUT
245 0 _aIntroducción a la contabilidad administrativa
260 _c2001
300 _a455 páginas :
_c
650 _aGEN
654 _aCCO
942 _cLIB
_dJUS
_fJUS
_2ddc
_n
999 _c17335
_d17335